| 000 | 01822nam a2200349Ia 4500 | ||
|---|---|---|---|
| 001 | 76624 | ||
| 003 | IT-RoPAU | ||
| 008 | 130308s9999 xx 000 0 und d | ||
| 040 | _aIT-RoPAU | ||
| 040 | _cIT-RoPAU | ||
| 041 | _aITALIANO | ||
| 100 | _aWerner Heinz | ||
| 100 | _gCodice Aut. SPICS: 493 | ||
| 240 | _aSYMBOL FORMATION | ||
| 240 | _gCodice Tit. Orig. Spics: T0912 | ||
| 245 | _aFormazione del simbolo (La) | ||
| 245 | _bFormazione del Simbolo (La) | ||
| 250 | _a1a ed. | ||
| 260 | _aMILANO | ||
| 260 | _bCortina Raffaello | ||
| 260 | _c1989 [1° Ed.:1989 - Ed.Ling.Originale:1984] | ||
| 300 | _a"606 p. (prefazione: 28; testo: 578 [pagine: 0-0])" | ||
| 500 | _aCornice Organismico Evolutiva Orientamento Organismico Olistico Orientamento Evolutivo Base Organismica della Formazione Simbolica modificazioni Evolutive nel Processo Simbolico Natura del Linguaggio Inteso Come medium Autonomo Ontogenesi Riferimento e raffigurazione Formazione degli Oggetti di contemplazione Riferimento Denotativo raffigurazione gestuale motoria raffigurazione vocale Denominazione Onomatopeica e convenzionale Espressioni Monorematiche Proposizioni Predicative Espressione Linguistica delle relazioni tra pensieri manipolazione del medium Linguistico Apprensione Fisiognomica delle forme del Linguaggio manipolazione delle forme Linguistiche nel sogno e Stati Patologici Discorso interiore ed Esteriore Negli Adulti normali e Negli schizofrenici Simbolizzazione in Media Non Fonetici Denominazione Non Verbale Espressione del Tempo in Media Non Verbali di Rappresentazione | ||
| 650 | _aPSICOLOGIA DELLA COMUNICAZIONE SOCIALE | ||
| 650 | _eCodice materia Spics: 3805 | ||
| 700 | _aKaplan Bernard | ||
| 700 | _gCodice Aut. SPICS: 26914 | ||
| 942 | _cBK | ||
| 957 | _71 | ||
| 999 |
_c67400 _d67400 |
||
| 999 | _bSI | ||
| 999 | _g1 | ||